000 00271nam a2200109Ia 4500
008 220204s9999 xx 000 0 und d
082 _a323:396(540)
_bVIJ
100 _aVijay Agnew
245 0 _aElite women in Indian Politics
260 _aDelhi
_bVikas
_c1979
942 _cBK
999 _c31093
_d31093